000 00567cam a22002291 4500
001 sa 63000005
003 DLC
005 20260227111918.0
008 911203s1962 xx 000 0 hino
010 _asa 63000005
035 _a(OCoLC)24884604
040 _aDLC
_cWaU
_dDLC
042 _apremarc
043 _aa-ii---
050 0 0 _aPK2040
_b.M3
100 1 _aMadan, Indar Nath.
245 1 0 _aĀdhunika kavitā kā mūlyāṅkana.
260 _c[1962]
300 _a388 p.
_c19 cm.
500 _aIn Hindi.
650 0 _aHindi poetry
_xHistory and criticism.
999 _c53268
_d53268